| 000 | 00806nam a2200193 a 4500 | ||
|---|---|---|---|
| 001 | 000041763 | ||
| 005 | 20201002035736.0 | ||
| 008 | 131016s1997 sp 000 0 spa d | ||
| 020 | _a8400076486 | ||
| 040 |
_aDO-SdBNP _bspa _cBNPHU |
||
| 100 | 1 |
_aAzcárraga Servert, María Josefa _968612 |
|
| 245 | 1 | 3 |
_aLa Masora Parva del Códice de Profetas de el Cairo : _bíndice análítico / _cpor María Josefa de Azcárraga Servert. |
| 260 |
_aMadrid : _bCSIC, _c1997. |
||
| 300 |
_aXVI, 704 p. ; _c27 cm. |
||
| 490 | 1 |
_aTextos y estudios "Cardenal Cisneros" de la biblía políglota matritense ; _v61 |
|
| 500 | _aTexto en Arameo | ||
| 710 | 2 |
_aConsejo Superior de Investigaciones Científicas, (España) _963834 |
|
| 830 | 0 |
_aTextos y estudios "Cardenal Cisneros" de la biblía políglota matritense ; _v61 _915280 |
|
| 999 |
_c41252 _d41252 |
||